000 00473 a2200169 4500
003 Nust
005 20170207153355.0
040 _cNust
082 _a005.1
100 _aJavaid , Capt Tahir BESE-05
245 _aCache design simulation in multiprocessor based environment (Hard / Softcopy)
_cCapt Tahir Javaid & NC Behram Khan BESE-05
260 _bMCS
_c2003
300 _a135 p
538 _aAlmirah No.71 Shelf No.4
650 _a UG Projects
651 _a UG CS Projects
942 _cTHS
999 _c184714
_d184714